01441nam a22002297a 4500003000900000005001700009007000300026008004100029040002500070082001400095100003700109245010500146260003900251300003300290500006600323504002700389505061000416650004501026650004801071651004701119700004501166DO-SdBNP20250425112706.0ta110301s2021 dr ah 000 0 spa d aDO-SdBNPbspacBNPHU 4bF615h222 aFlete, Dagoberto Antonio,d1952-10aHistoria de la banca dominicana /cDagoberto Ant. Flete ; prólogo, Yamen María Flete Hernández aSanto Domingo :bWilly Copy,c2021 a187 p. :bil., gacs;c20 cm. aIncluye datos biográficos del autor en la contracubierta.  aBibliografía: p. 186 aPrólogo.t1. Historia de la Banca Dominicana.--t2. Origen del dinero.--t3. Origen de los banco.--t4. Historia del papel moneda.--t5. Junta Monetaria.--t6. En República Dominicana.--t7. Sistema Bancario especializado.--t8. Banca Múltiple.--t9. Apertura de la Banca Nacional.--t10. Fusiones de instituciones bancarias.-t11. Bancos Inventariados, Liquidados o Quebrados.--t12. Bancos de la República Dominicana.--t13. Anecdotario Bancario.--t14. Análisis del Sistema Bancario.--t15. Ranking de Instituciones Bancarias.--t16. Opinión del autor.--t17. Dedicatoria.--tBibliografía 0aBancoszRepública DominicanaxHistoria 4aSistemas monetarioszRepública Dominicana 7aBancos zRepública DominicanaxHistoria12aFlete Hernández, Yamen María eprol.